Dinámica Contable (Registro nro. 1889)

Detalles MARC
000 -LEADER
fixed length control field 01494 a2200217 4500
001 - CONTROL NUMBER
control field 29517
005 - DATE AND TIME OF LATEST TRANSACTION
control field 20260407155605.0
008 - FIXED-LENGTH DATA ELEMENTS--GENERAL INFORMATION
fixed length control field 260407a1985 arg spa d
003 - CONTROL NUMBER IDENTIFIER
control field AR-UNSa-BCEJYS
040 ## - CATALOGING SOURCE
Original cataloging agency AR-UNSa-BCEJYS
Language of cataloging spa
Transcribing agency AR-UNSa-BCEJYS
080 ## - UNIVERSAL DECIMAL CLASSIFICATION NUMBER
Universal Decimal Classification number 657
Common auxiliary subdivision Contabilidad
020 ## - INTERNATIONAL STANDARD BOOK NUMBER
International Standard Book Number 950-0109-31-2
100 1# - MAIN ENTRY--PERSONAL NAME
Personal name Pahlen Acuña, Ricardo Jose María
245 10 - TITLE STATEMENT
Title Dinámica Contable
264 #1 - PRODUCTION, PUBLICATION, DISTRIBUTION, MANUFACTURE, AND COPYRIGHT NOTICE
Place of production, publication, distribution, manufacture Buenos Aires :
Name of producer, publisher, distributor, manufacturer Tesis
Date of production, publication, distribution, manufacture, or copyright notice 1985
300 ## - PHYSICAL DESCRIPTION
Extent 145 p.
Dimensions 23 cm.
505 ## - FORMATTED CONTENTS NOTE
Formatted contents note Parte I: Introducción: 1. Datos generales de la empresa - 2. Balance de saldos iniciales de cuentas patrimoniales - 3. Referencias de operaciones realizadas (contabilizadas y omitidas) - 4. Listado de documentos comerciales generados y recepcionados por la empresa en el transcurso del ejercicio: (01-01-1984 al 30-06-1984) -- Parte II: Solución: 1. Registración de hechos y operaciones en subdiarios - 2. Confección de planillas mensuales de liquidación de sueldos - 3. Registración de movimientos de stock en fichas de inventario permanente - 4. Registraciones en libro diario - 5. Fichas de mayor general - 6. Fichas de submayor de deudores por ventas - 7. Balance de comprobación de sumas y saldos al 30-06-1984 y clasificación de las partidas en patrimoniales y de resultados - 8. Presentación de los estados contables básicos, notas y anexos - 9. Ajuste de los estados contables en moneda constante
590 ## - LOCAL NOTE (RLIN)
Local note niveau_biblio:m niveau_hierar:0
700 1# - ADDED ENTRY--PERSONAL NAME
Personal name Petraglia, Eduardo R.
942 ## - ADDED ENTRY ELEMENTS (KOHA)
Koha item type
Existencias
Withdrawn status Lost status Damaged status Not for loan Home library Current library Shelving location Date acquired Total checkouts Full call number Barcode Date last seen Price effective from Koha item type
        Biblioteca Prof. Eusebio Cleto del Rey Biblioteca Prof. Eusebio Cleto del Rey   07/04/2026   657 P141 L39975 07/04/2026 07/04/2026 Libro
        Biblioteca Prof. Eusebio Cleto del Rey Biblioteca Prof. Eusebio Cleto del Rey   07/04/2026   657 P141 L39976 07/04/2026 07/04/2026 Libro
        Biblioteca Prof. Eusebio Cleto del Rey Biblioteca Prof. Eusebio Cleto del Rey   07/04/2026   657 P141 L45053 07/04/2026 07/04/2026 Libro
        Biblioteca Prof. Eusebio Cleto del Rey Biblioteca Prof. Eusebio Cleto del Rey   07/04/2026   657 P141 L45054 07/04/2026 07/04/2026 Libro
        Biblioteca Prof. Eusebio Cleto del Rey Biblioteca Prof. Eusebio Cleto del Rey   07/04/2026   657 P141 L45055 07/04/2026 07/04/2026 Libro